Письмо Арцимовичу В. А. от Н. Анненковой

Доступно только в Электронных читальных залах Найти на картеНа карте
RUSMARC
00003972nac2a22002773x 450
0019bf2ac03-625e-48e5-b7e7-824f8d017e2b
00520211220113355.0
100##$a20211122l1856 k y0rusy50 ca
1010#$arus
102##$aRU
105##$ay z |||||
1220#$ad18561231
2001#$aПисьмо Арцимовичу В. А. от Н. Анненковой
$j1856
215##$a2 листа
251##$cДело
300##$aЗаголовок дела на папке: Письма Анненковой Н. Арцимовичу В. А. 1856 г.
300##$aРукописный текст
330##$aВходит в раздел описи: 4. Переписка Арцимовича В. А. с разными лицами
461#0$1001702d5e87-6901-4c63-8165-d848da7b6444
$12001
$aАрцимович Виктор Антонович, сенатор, Тобольский (1854-1858 гг.) и Калужский (1858-1862 гг.) губернатор, вице-председатель государственного совета Царства Польского (С 1863 г.)
$1251
$cФонд
$1852
$j815
462#0$1001559b76c2-49f1-4f4f-bd3c-238599c7510c
$12001
$aДела постоянного хранения. 1821-1891
$vД. 360
$1251
$cОпись
$1852
$j1
5171#$aПисьма Анненковой Н. Арцимовичу В. А. 1856 г.
600#1$aАрцимович
$bВ. А.
$gВиктор Антонович
600#1$aАнненкова
$bН.
801#0$aRU
$bGA_RF
801#1$aRU
$bГлавНИВЦ
$c20211122
$2rusmarc
801#2$aRU
$bПБ им. Б.Н. Ельцина
$c20211220
$gRCR
$2rusmarc
852##$aГА РФ
$j360
937##$d171846153
$hГАРФ
035##$aRuPRLIB51061790
856##$uhttp://readingroom.main.prlib.ru/item.aspx?id_node=n171846153&mode=full
Формат отображения